[Event "SR 3. liga A2 2016/2017"]
[Site "?"]
[Date "2017.03.05"]
[Round "10.1"]
[White "Pericka, Tomas"]
[Black "Sosovicka, Juraj"]
[Result "0-1"]
[WhiteElo "2033"]
[BlackElo "2153"]
[PlyCount "48"]
[EventDate "2016.??.??"]

1. e4 b6 2. d4 Bb7 3. Nc3 e6 4. Bd3 Bb4 5. Qg4 Nf6 6. Qxg7 Rg8 7. Qh6 Rg6 8.
Qh3 Bxe4 9. Bxe4 Nxe4 10. a3 Bxc3+ 11. bxc3 Qf6 12. Nf3 Nc6 13. O-O O-O-O 14.
Ne5 Nxe5 15. dxe5 Qxe5 16. Qd3 Rdg8 17. g3 d5 18. a4 Nxc3 19. Qa6+ Kb8 20. Ra3
Ne2+ 21. Kg2 Qe4+ 22. f3 Qxc2 23. Rf2 Qxc1 24. Rb3 Nf4# 0-1

[Event "SR 3. liga A2 2016/2017"]
[Site "?"]
[Date "2017.03.05"]
[Round "10.1"]
[White "Pribila, Gerhard"]
[Black "Diviak, Rastislav"]
[Result "1/2-1/2"]
[WhiteElo "2145"]
[BlackElo "1955"]
[PlyCount "120"]
[EventDate "2016.??.??"]

1. Nf3 Nf6 2. g3 g6 3. b3 Bg7 4. Bb2 O-O 5. Bg2 d6 6. d4 Nbd7 7. O-O c5 8. c4
cxd4 9. Nxd4 a6 10. Nc3 Qc7 11. Rc1 Ne5 12. Qd2 Bd7 13. Rfd1 Rac8 14. h3 Qb6
15. Nd5 Nxd5 16. cxd5 Rxc1 17. Rxc1 Rc8 18. Rxc8+ Bxc8 19. Kf1 Qc5 20. Qc3 Nd7
21. b4 Qxc3 22. Bxc3 Nb6 23. Ke1 Bd7 24. Kd2 Na4 25. Ba1 Kf8 26. e3 Nb6 27. Bc3
Na4 28. Ne2 Nxc3 29. Nxc3 Ke8 30. Kc2 Kd8 31. Kb3 Kc7 32. h4 h5 33. Ne4 b6 34.
Ng5 f6 35. Nf3 Bg4 36. Nd4 Bd7 37. Bf1 Kb7 38. a4 f5 39. Ne2 Bf6 40. Nf4 Be8
41. Be2 Bf7 42. b5 a5 43. Bf3 Kc7 44. Kc4 Kd7 45. Nh3 Ke8 46. Bg2 Kd7 47. Ng5
Bxg5 48. hxg5 Ke8 49. Kd4 Kf8 50. e4 fxe4 51. Bxe4 Be8 52. f4 Kg7 53. f5 Bd7
54. fxg6 Bg4 55. Bc2 Kg8 56. Ke4 Kf8 57. Ke3 Kg8 58. Kf4 Kg7 59. Ke3 Kg8 60.
Kf2 Kf8 1/2-1/2

[Event "SR 3. liga A2 2016/2017"]
[Site "?"]
[Date "2017.03.05"]
[Round "10.1"]
[White "Ocko, Martin"]
[Black "Ambros, Rafael"]
[Result "1-0"]
[WhiteElo "1967"]
[BlackElo "2000"]
[PlyCount "79"]
[EventDate "2016.??.??"]

1. e4 b6 2. d4 Bb7 3. Nd2 e6 4. Bd3 Nf6 5. Ngf3 d5 6. e5 Ne4 7. Qe2 Nxd2 8.
Bxd2 c5 9. c3 Nc6 10. h4 Qc7 11. Rc1 O-O-O 12. O-O Re8 13. b3 f6 14. Bb5 fxe5
15. Nxe5 Bd6 16. Bf4 Rhf8 17. Bg3 Re7 18. Rfe1 Bxe5 19. Bxc6 Bxg3 20. Bxb7+
Kxb7 21. fxg3 Qxg3 22. dxc5 Rf4 23. Qe3 Qxe3+ 24. Rxe3 bxc5 25. g3 Rf6 26. Rf1
Kc6 27. Rf4 e5 28. Ra4 d4 29. cxd4 cxd4 30. Re1 d3 31. Ra6+ Kd5 32. Rxf6 gxf6
33. Kf2 Kd4 34. Rc1 d2 35. Rc8 Rd7 36. Ke2 Ke4 37. Rc4+ Kf5 38. g4+ Ke6 39. Kd1
Kf7 40. Rc2 1-0

[Event "SR 3. liga A2 2016/2017"]
[Site "?"]
[Date "2017.03.05"]
[Round "10.1"]
[White "Pericka, Pavol"]
[Black "Brunovsky, Peter"]
[Result "1/2-1/2"]
[WhiteElo "1803"]
[BlackElo "1818"]
[PlyCount "47"]
[EventDate "2016.??.??"]

1. e4 c6 2. Bc4 d5 3. exd5 cxd5 4. Bb3 Nf6 5. d4 Nc6 6. c3 Bf5 7. Nf3 e6 8. Bf4
Bd6 9. Ne5 Qc7 10. Qe2 O-O 11. Bg3 Rac8 12. Nd2 Bxe5 13. dxe5 Ne4 14. f4 Na5
15. Bf2 Nxf2 16. Qxf2 Qc5 17. O-O Qxf2+ 18. Rxf2 Rfd8 19. Nf3 Bd3 20. Rd2 Be4
21. Nd4 a6 22. Rad1 Nc4 23. Bxc4 Rxc4 24. Kf2 1/2-1/2

[Event "SR 3. liga A2 2016/2017"]
[Site "?"]
[Date "2017.03.05"]
[Round "10.1"]
[White "Kubis, Ivan"]
[Black "Trojkova, Michaela"]
[Result "1-0"]
[WhiteElo "1922"]
[BlackElo "1663"]
[PlyCount "119"]
[EventDate "2016.??.??"]

1. e4 c5 2. Nf3 Nc6 3. d4 cxd4 4. Nxd4 g6 5. c4 Bg7 6. Be3 Nf6 7. Nc3 O-O 8.
Be2 e6 9. O-O d5 10. Nxc6 bxc6 11. cxd5 cxd5 12. e5 Nd7 13. f4 Nb6 14. Bc5 Re8
15. Nb5 Bf8 16. Nd6 Bxd6 17. Bxd6 Bd7 18. Rc1 Rc8 19. Qd4 Rc6 20. Ba6 Nc8 21.
Rxc6 Bxc6 22. Bxc8 Qxc8 23. Qxa7 Bb5 24. Re1 Qc4 25. Qc5 Rc8 26. Qxc4 Rxc4 27.
b3 Rxf4 28. a4 Bxa4 29. bxa4 Rxa4 30. Rb1 h5 31. h3 Ra7 32. Rb2 Kg7 33. Kf2 Kh7
34. h4 Kg7 35. Ke3 f5 36. Kf4 Ra4+ 37. Rb4 Ra7 38. Kg5 Rf7 39. g3 Kh7 40. Bc5
Kg7 41. Kf4 Rc7 42. Bd6 Rf7 43. Ra4 Rb7 44. Bc5 Kh6 45. Ra7 Rxa7 46. Bxa7 g5+
47. hxg5+ Kg6 48. Be3 Kf7 49. Kf3 Kg6 50. Kg2 d4 51. Bd2 d3 52. Kh3 Kf7 53. Kh4
Kg6 54. Bf4 d2 55. Bxd2 f4 56. gxf4 Kf5 57. Kxh5 Ke4 58. g6 Kd3 59. Ba5 Ke4 60.
Kg5 1-0

[Event "SR 3. liga A2 2016/2017"]
[Site "?"]
[Date "2017.03.05"]
[Round "10.2"]
[White "Kalmar, Tamas"]
[Black "Kolenak, Matus"]
[Result "1-0"]
[WhiteElo "2062"]
[BlackElo "1974"]
[PlyCount "141"]
[EventDate "2016.??.??"]

1. d4 d5 2. c4 c6 3. Nf3 Nf6 4. Nc3 e6 5. Bg5 Be7 6. e3 O-O 7. Rc1 Nbd7 8. Qc2
dxc4 9. Bxc4 b5 10. Bd3 Bb7 11. O-O h6 12. Bh4 a6 13. Rfd1 Rc8 14. a4 b4 15.
Ne4 Nxe4 16. Bxe7 Qxe7 17. Bxe4 Nf6 18. Nd2 c5 19. Bxb7 Qxb7 20. dxc5 Rfd8 21.
Nb3 Rxd1+ 22. Rxd1 Qc6 23. a5 Nd5 24. Qc4 Qb7 25. Rc1 Ne7 26. Nd4 e5 27. Nb3
Rc6 28. Qe4 Qb8 29. Rd1 Rg6 30. g3 Nc6 31. Rd7 Qb5 32. Qd3 Qxd3 33. Rxd3 Kf8
34. Rd7 Re6 35. Rb7 Ke8 36. Rb6 Kd8 37. Rxa6 Kc7 38. Rb6 Re8 39. Kf1 Ra8 40.
Ke2 Nxa5 41. Rxb4 Nc6 42. Rc4 Rb8 43. Rc3 e4 44. f4 Nb4 45. Nd2 f5 46. b3 Nd5
47. Rc4 Kc6 48. g4 g6 49. h4 Nf6 50. gxf5 gxf5 51. b4 Nd5 52. Nb3 Kb5 53. Rc1
Kxb4 54. Nd4 Rf8 55. c6 Ne7 56. c7 Rc8 57. Nc6+ Nxc6 58. Rxc6 Kb5 59. Rf6 Rxc7
60. Rxf5+ Kb4 61. Re5 Rc4 62. Kd2 Kb3 63. f5 Ra4 64. f6 Ra2+ 65. Ke1 Ra6 66.
Rf5 Ra8 67. f7 Rf8 68. Kf2 Kc3 69. Kg3 Kd3 70. Kf4 h5 71. Rf6 1-0

[Event "SR 3. liga A2 2016/2017"]
[Site "?"]
[Date "2017.03.05"]
[Round "10.2"]
[White "Sturdik, Igor"]
[Black "Veselsky, Jozef"]
[Result "1-0"]
[WhiteElo "1958"]
[BlackElo "2068"]
[PlyCount "103"]
[EventDate "2016.??.??"]

1. e4 c5 2. Nf3 g6 3. d4 cxd4 4. Nxd4 Bg7 5. Nc3 d6 6. Be3 Nf6 7. f3 O-O 8. Qd2
Nc6 9. Bc4 Bd7 10. O-O-O Rc8 11. Bb3 Nxd4 12. Bxd4 b5 13. h4 a5 14. a3 b4 15.
axb4 axb4 16. Nd5 Ra8 17. Qxb4 Nxd5 18. Bxd5 Ra4 19. Qc3 Rxd4 20. Rxd4 e6 21.
Bb3 Qb6 22. Rhd1 Ra8 23. R1d3 Ra1+ 24. Kd2 e5 25. Qb4 Qa7 26. Rxd6 Bf8 27. Qb6
Bxd6 28. Rxd6 Qxb6 29. Rxb6 Kf8 30. Rb7 Be8 31. Ke3 Rh1 32. Bd5 Rxh4 33. c4 Rh1
34. c5 Rc1 35. b4 Rc2 36. g3 f5 37. Rxh7 Bb5 38. f4 Re2+ 39. Kf3 exf4 40. Kxf4
fxe4 41. Bxe4 Rb2 42. c6 Rxb4 43. c7 Ba6 44. Rh8+ Kg7 45. c8=Q Bxc8 46. Rxc8
g5+ 47. Ke5 Rb5+ 48. Bd5 Rb4 49. Kf5 Rd4 50. Rd8 Kh6 51. Rd6+ Kg7 52. Kxg5 1-0

[Event "SR 3. liga A2 2016/2017"]
[Site "?"]
[Date "2017.03.05"]
[Round "10.2"]
[White "Meszaros, Lorant"]
[Black "Doucha, Ludvig"]
[Result "0-1"]
[WhiteElo "1941"]
[BlackElo "1900"]
[PlyCount "60"]
[EventDate "2016.??.??"]

1. d4 Nf6 2. c4 c5 3. d5 e5 4. Nc3 d6 5. e4 Nbd7 6. Be2 a6 7. a4 g6 8. Nf3 Bg7
9. h3 Nh5 10. O-O Nf4 11. Nh2 O-O 12. Bg4 f5 13. exf5 gxf5 14. Bxf4 fxg4 15.
Bg3 gxh3 16. gxh3 Nf6 17. h4 Bh3 18. Re1 Qd7 19. Ne4 Nxe4 20. Rxe4 Qf5 21. Qe2
h5 22. Ra3 Qg6 23. Nf3 Bg4 24. Kg2 Rf7 25. Qe1 Bh6 26. Ng5 Bxg5 27. hxg5 Raf8
28. Rae3 Qxg5 29. f3 Bf5 30. Qh1 Rg7 0-1

[Event "SR 3. liga A2 2016/2017"]
[Site "?"]
[Date "2017.03.05"]
[Round "10.2"]
[White "Bahna, Jan"]
[Black "Csefalvay, Stefan"]
[Result "1-0"]
[WhiteElo "1860"]
[BlackElo "1813"]
[PlyCount "51"]
[EventDate "2016.??.??"]

1. e4 c5 2. Nc3 e6 3. g3 d5 4. d3 dxe4 5. Nxe4 Bd7 6. Bg2 Bc6 7. f3 Nf6 8. Ne2
Be7 9. O-O O-O 10. Be3 b6 11. c3 Qc7 12. Qc2 Nbd7 13. Rad1 Rfd8 14. h3 Rac8 15.
Kh2 Nd5 16. Bc1 h6 17. f4 f5 18. Nf2 e5 19. fxe5 Qxe5 20. d4 Qe6 21. dxc5 Bxc5
22. Bxd5 Bxd5 23. Nf4 Be4 24. Nxe6 Bxc2 25. Rd2 Bxf2 26. Nxd8 1-0

[Event "SR 3. liga A2 2016/2017"]
[Site "?"]
[Date "2017.03.05"]
[Round "10.2"]
[White "Feher, Tibor"]
[Black "Krist, Milan"]
[Result "1/2-1/2"]
[WhiteElo "1812"]
[BlackElo "1826"]
[PlyCount "29"]
[EventDate "2016.??.??"]

1. e4 e6 2. d4 d5 3. exd5 exd5 4. Nf3 Nf6 5. Nc3 c6 6. Bd3 Bg4 7. O-O Be7 8.
Qe2 O-O 9. h3 Bh5 10. g4 Bg6 11. Bxg6 hxg6 12. Re1 Re8 13. Bg5 Nbd7 14. Bxf6
Nxf6 15. Qd3 1/2-1/2

[Event "SR 3. liga A2 2016/2017"]
[Site "?"]
[Date "2017.03.05"]
[Round "10.2"]
[White "Babirat, Michal"]
[Black "Both, Lajos"]
[Result "1-0"]
[WhiteElo "1821"]
[BlackElo "1799"]
[PlyCount "107"]
[EventDate "2016.??.??"]

1. c4 c5 2. Nc3 Nc6 3. g3 Nf6 4. Bg2 g6 5. e3 Bg7 6. Nge2 O-O 7. O-O e5 8. b3
d6 9. d3 Be6 10. Bb2 Qd7 11. Nd5 Bh3 12. d4 Bxg2 13. Kxg2 cxd4 14. exd4 e4 15.
Nef4 Nxd5 16. Nxd5 Ne7 17. Nc3 f5 18. d5 Nc8 19. Qd2 Nb6 20. Ne2 Rfe8 21. Nf4
Re7 22. Bxg7 Rxg7 23. Ne6 Re7 24. f3 exf3+ 25. Rxf3 Qc8 26. g4 fxg4 27. Rf8+
Qxf8 28. Nxf8 Rxf8 29. Rf1 Rxf1 30. Kxf1 Rf7+ 31. Kg2 Nd7 32. Qd4 h5 33. Qxa7
Ne5 34. Qa8+ Kg7 35. Qa5 Nd3 36. Qb6 Ne1+ 37. Kg1 Nf3+ 38. Kh1 Re7 39. Qf2 g5
40. a4 Rf7 41. Qb2+ Kh7 42. Qc2+ Kg7 43. Qc3+ Kg8 44. Qd3 Ne5 45. Qd4 Nd7 46.
Qd2 Rg7 47. Qe2 Ne5 48. h3 gxh3 49. Qxh5 g4 50. Qh6 Nf3 51. Qxd6 g3 52. Qe6+
Kf8 53. Qc8+ Kf7 54. Qf5+ 1-0

[Event "SR 3. liga A2 2016/2017"]
[Site "?"]
[Date "2017.03.05"]
[Round "10.2"]
[White "Arpa, Zoltan"]
[Black "Klanica, Anton"]
[Result "1/2-1/2"]
[WhiteElo "1787"]
[BlackElo "1758"]
[PlyCount "94"]
[EventDate "2016.??.??"]

1. d4 Nf6 2. c4 e5 3. d5 Bb4+ 4. Bd2 Qe7 5. a3 Bxd2+ 6. Nxd2 d6 7. e4 O-O 8. h3
Nbd7 9. Bd3 Nc5 10. Bc2 b6 11. Ne2 Nh5 12. Nf3 f5 13. Nc3 Nf4 14. O-O Qf6 15.
Kh2 Ng6 16. Kh1 f4 17. b4 Nb7 18. Ba4 Nd8 19. Qd3 Qe7 20. Rfc1 Ba6 21. Bb5 Bb7
22. Ne2 Nf7 23. Rc3 Nh4 24. Neg1 Nxf3 25. Nxf3 Rfd8 26. c5 g6 27. Rac1 a6 28.
cxd6 Nxd6 29. Rxc7 Qf6 30. Bc6 Rab8 31. Bxb7 Nxb7 32. R1c6 Rd6 33. Rc8+ Rxc8
34. Rxc8+ Rd8 35. Rxd8+ Nxd8 36. Qxa6 Kg7 37. Qa7+ Nf7 38. Qc7 Kh6 39. Qc6 Qd8
40. Nd2 Nd6 41. Nc4 Nxe4 42. Nxe5 Nxf2+ 43. Kg1 Qh4 44. d6 Qg3 45. Ng4+ Nxg4
46. hxg4 Qe1+ 47. Kh2 Qg3+ 1/2-1/2

[Event "SR 3. liga A2 2016/2017"]
[Site "?"]
[Date "2017.03.05"]
[Round "10.2"]
[White "Drahos, Miroslav"]
[Black "Sarkozi, Szabolcs"]
[Result "1-0"]
[WhiteElo "1720"]
[BlackElo "1665"]
[PlyCount "95"]
[EventDate "2016.??.??"]

1. e4 c5 2. c3 d5 3. exd5 Qxd5 4. d4 e6 5. Nf3 Nc6 6. Be2 Nf6 7. O-O Be7 8. h3
O-O 9. Be3 cxd4 10. Nxd4 Rd8 11. Nxc6 Qxc6 12. Qb3 e5 13. c4 Be6 14. Nd2 Rac8
15. Rac1 a6 16. Qc3 Bd6 17. Rfd1 Bb8 18. b3 Bd6 19. Nf1 Rd7 20. Qa5 Bc7 21. Qc3
Rxd1 22. Rxd1 Nd5 23. Qc1 Nxe3 24. Qxe3 f5 25. Qg5 Rf8 26. Ne3 Bb6 27. Nd5 Qc5
28. Nxb6 Qxb6 29. Qe7 Bf7 30. Rd7 Qa5 31. b4 Qb6 32. Rxb7 Qd4 33. Rd7 Qb6 34.
c5 Qg6 35. Rd6 Re8 36. Qxe8+ Bxe8 37. Rxg6 hxg6 38. Bxa6 Kf7 39. b5 Ke7 40. b6
Kd8 41. a4 Bxa4 42. Bb7 Kd7 43. Kf1 Bb5+ 44. Ke1 g5 45. Kd2 f4 46. Kc3 e4 47.
Bxe4 Kc8 48. Kd4 1-0

[Event "SR 3. liga A2 2016/2017"]
[Site "?"]
[Date "2017.03.05"]
[Round "10.3"]
[White "Cech, Dominik"]
[Black "Kavon, Rastislav"]
[Result "1/2-1/2"]
[WhiteElo "2191"]
[BlackElo "2180"]
[PlyCount "112"]
[EventDate "2016.??.??"]

1. e4 c5 2. Nf3 d6 3. d4 cxd4 4. Nxd4 Nf6 5. Nc3 g6 6. Be3 Bg7 7. f3 O-O 8. Qd2
Nc6 9. g4 Be6 10. O-O-O Nxd4 11. Bxd4 Qa5 12. Kb1 Rfc8 13. a3 Rab8 14. h4 b5
15. Nd5 Qxd2 16. Nxf6+ Bxf6 17. Rxd2 Bxd4 18. Rxd4 Rc5 19. Bd3 h6 20. Rg1 Kg7
21. f4 Bc4 22. b4 Rc7 23. Bxc4 bxc4 24. Kb2 Kf6 25. Kc3 Rbc8 26. Re1 g5 27.
fxg5+ hxg5 28. Rf1+ Ke6 29. h5 f6 30. Rf5 a6 31. a4 Kd7 32. e5 Ke6 33. exd6
exd6 34. Re4+ Kf7 35. Rd5 Rc6 36. b5 axb5 37. axb5 Rb6 38. Rxc4 Re8 39. Kb4 Re1
40. Rc7+ Ke6 41. Rf5 Re4+ 42. Rc4 Re1 43. Kc3 d5 44. Rb4 Rd1 45. Rf2 Ke5 46.
Re2+ Kd6 47. Rd2 Re1 48. Rh2 Kc5 49. Rh3 Re7 50. Rb1 Ra7 51. Kd2 Kd4 52. Rd3+
Ke5 53. Rb4 Rab7 54. Re3+ Kd6 55. Reb3 Ke5 56. Rb1 f5 1/2-1/2

[Event "SR 3. liga A2 2016/2017"]
[Site "?"]
[Date "2017.03.05"]
[Round "10.3"]
[White "Bango, Lukas"]
[Black "Kundrik, Peter"]
[Result "1/2-1/2"]
[WhiteElo "2072"]
[BlackElo "2246"]
[PlyCount "63"]
[EventDate "2016.??.??"]

1. e4 d6 2. d4 Nf6 3. Nc3 g6 4. f3 Bg7 5. Be3 O-O 6. Qd2 c6 7. g4 b5 8. h4 h5
9. g5 Nfd7 10. O-O-O Qa5 11. Kb1 Nb6 12. Nd5 Qxd2 13. Nxe7+ Kh7 14. Rxd2 Bd7
15. d5 c5 16. Nh3 Rd8 17. Nf4 Bf8 18. Nc6 Nxc6 19. dxc6 Bxc6 20. Be2 Re8 21.
Bf2 Rab8 22. b3 Rb7 23. Rhd1 Reb8 24. Rxd6 Bxd6 25. Rxd6 Rc8 26. e5 Bd7 27. Bd3
Nc4 28. Bxg6+ fxg6 29. bxc4 bxc4+ 30. Kc1 Bf5 31. Nd5 Kg7 32. Ne3 1/2-1/2

[Event "SR 3. liga A2 2016/2017"]
[Site "?"]
[Date "2017.03.05"]
[Round "10.3"]
[White "Abel, Peter"]
[Black "Sekera, Branislav"]
[Result "1-0"]
[WhiteElo "2196"]
[BlackElo "2098"]
[PlyCount "81"]
[EventDate "2016.??.??"]

1. c4 Nf6 2. Nc3 e5 3. Nf3 Nc6 4. e3 d6 5. d4 Bg4 6. d5 Ne7 7. h3 Bd7 8. Bd3 g6
9. Ng5 Bg7 10. f4 O-O 11. O-O h6 12. Nf3 Ne8 13. e4 f5 14. fxe5 dxe5 15. Be3 f4
16. Bf2 g5 17. Nh2 Nf6 18. Be2 Nc8 19. c5 b6 20. b4 Ne7 21. Ng4 Nxg4 22. Bxg4
Bxg4 23. Qxg4 Ng6 24. Rfd1 Kh7 25. Nb5 a6 26. Nc3 bxc5 27. bxc5 Rf6 28. Rab1 f3
29. g3 Qe8 30. Qh5 Qc8 31. Rb3 Ne7 32. Na4 Qd7 33. Nc3 Rd8 34. Rb7 Qc8 35. Rdb1
Rdf8 36. d6 cxd6 37. Rxe7 dxc5 38. Rbb7 Rg6 39. Qxg6+ Kxg6 40. Rxg7+ Kf6 41.
Nd5+ 1-0

[Event "SR 3. liga A2 2016/2017"]
[Site "?"]
[Date "2017.03.05"]
[Round "10.3"]
[White "Kozinka, Roman"]
[Black "Nemsak, Denis"]
[Result "1/2-1/2"]
[WhiteElo "1996"]
[BlackElo "2035"]
[PlyCount "92"]
[EventDate "2016.??.??"]

1. e4 d5 2. exd5 Nf6 3. Nc3 Nxd5 4. Nxd5 Qxd5 5. Nf3 Nc6 6. Be2 e5 7. O-O Bf5
8. d3 O-O-O 9. Bg5 f6 10. Be3 g5 11. Nd2 Qe6 12. Bf3 Kb8 13. Re1 Be7 14. a4 g4
15. Be4 Bxe4 16. dxe4 h5 17. c3 Qf7 18. Qb3 Qh7 19. a5 a6 20. Qc4 h4 21. b4 g3
22. b5 h3 23. fxg3 Rxd2 24. Bxd2 hxg2 25. h4 axb5 26. Qxb5 Na7 27. Qc4 f5 28.
exf5 Qxf5 29. Qe4 Bc5+ 30. Kxg2 Qf2+ 31. Kh3 Qxd2 32. Rab1 Qd7+ 33. Kg2 Nc6 34.
Red1 Qf7 35. Rf1 Qa2+ 36. Kh1 Ka7 37. a6 Qxa6 38. Ra1 Na5 39. Rfb1 b6 40. Qxe5
Qb7+ 41. Kh2 Rxh4+ 42. gxh4 Bd6 43. Rxa5+ bxa5 44. Rxb7+ Kxb7 45. Qxd6 cxd6 46.
h5 a4 1/2-1/2

[Event "SR 3. liga A2 2016/2017"]
[Site "?"]
[Date "2017.03.05"]
[Round "10.3"]
[White "Mihalik, Anton"]
[Black "Capanda, Jan"]
[Result "1/2-1/2"]
[WhiteElo "1934"]
[BlackElo "1866"]
[PlyCount "99"]
[EventDate "2016.??.??"]

1. c4 b6 2. Nc3 c5 3. Nf3 Nc6 4. g3 Bb7 5. Bg2 Nf6 6. O-O e6 7. d4 Nxd4 8. Nxd4
Bxg2 9. Nxe6 fxe6 10. Kxg2 d5 11. Bg5 d4 12. Qa4+ Kf7 13. Ne4 Be7 14. Bxf6 gxf6
15. Qb3 h5 16. f4 f5 17. Nd2 h4 18. Nf3 Bf6 19. Rh1 Qc7 20. Qd3 Rag8 21. Kf2
Qc6 22. Rag1 Rg4 23. b3 Rhg8 24. Rg2 a6 25. a4 Ke7 26. Rgg1 Qe4 27. Nd2 Qa8 28.
Qf3 Qc8 29. Nf1 Qd7 30. h3 hxg3+ 31. Rxg3 Rxg3 32. Nxg3 Bh4 33. Rg1 Kd6 34. Kf1
Kc7 35. Nh5 Rxg1+ 36. Kxg1 Qf7 37. Ng3 Qg7 38. Kh2 b5 39. axb5 axb5 40. cxb5
Kb6 41. Qc6+ Ka5 42. Qa6+ Kb4 43. Qa4+ Kc3 44. Qc4+ Kd2 45. Qd3+ Ke1 46. Qb1+
Kd2 47. Qb2+ Kd1 48. Qb1+ Kd2 49. Qd3+ Ke1 50. Qb1+ 1/2-1/2

[Event "SR 3. liga A2 2016/2017"]
[Site "?"]
[Date "2017.03.05"]
[Round "10.3"]
[White "Lopatievov, Alexander"]
[Black "Manak, Adrian"]
[Result "1/2-1/2"]
[WhiteElo "1845"]
[BlackElo "1943"]
[PlyCount "42"]
[EventDate "2016.??.??"]

1. c4 c6 2. Nc3 d5 3. cxd5 cxd5 4. d4 Nc6 5. g3 Bf5 6. Nf3 e6 7. a3 Bd6 8. Bg2
h6 9. O-O Nf6 10. b4 Rc8 11. Bb2 O-O 12. Rc1 Qd7 13. Na4 b6 14. Ne5 Qb7 15. Qb3
Rc7 16. Nxc6 Rxc6 17. Rxc6 Qxc6 18. Rc1 Qd7 19. b5 Rc8 20. Rxc8+ Qxc8 21. Qc3
Qxc3 1/2-1/2

[Event "SR 3. liga A2 2016/2017"]
[Site "?"]
[Date "2017.03.05"]
[Round "10.3"]
[White "Curidlo, Jan"]
[Black "Bango, Dominik"]
[Result "1/2-1/2"]
[WhiteElo "1882"]
[BlackElo "1758"]
[PlyCount "86"]
[EventDate "2016.??.??"]

1. e4 e5 2. Nf3 Nc6 3. Bb5 Nf6 4. d3 d6 5. h3 Bd7 6. c3 Be7 7. Be3 a6 8. Ba4 b5
9. Bc2 O-O 10. O-O Na7 11. d4 exd4 12. cxd4 c5 13. d5 Re8 14. Nbd2 Qc7 15. Rc1
Rac8 16. Re1 h6 17. Nh2 c4 18. Bb1 Qb7 19. Bd4 Rc7 20. f4 Nc8 21. Rc3 Nxd5 22.
exd5 Qxd5 23. Ndf3 b4 24. Rce3 Bf5 25. Bxf5 Qxf5 26. Qa4 Qb5 27. Qxb5 axb5 28.
Ng4 Rd8 29. Nf2 Rc6 30. Rxe7 Nxe7 31. Rxe7 Ra8 32. Rb7 c3 33. bxc3 bxc3 34. Nd3
Rxa2 35. Rxb5 Ra1+ 36. Kf2 Rd1 37. Ke2 c2 38. Be3 Rc3 39. Nfe1 Rxe1+ 40. Kxe1
Rxd3 41. Bd2 Rc3 42. Bc1 Rd3 43. Bd2 Rc3 1/2-1/2

[Event "SR 3. liga A2 2016/2017"]
[Site "?"]
[Date "2017.03.05"]
[Round "10.3"]
[White "Dobis, Pavol"]
[Black "Slaba, Andrea"]
[Result "0-1"]
[WhiteElo "1617"]
[BlackElo "1860"]
[PlyCount "54"]
[EventDate "2016.??.??"]

1. d4 Nf6 2. c4 g6 3. Nc3 Bg7 4. e3 O-O 5. Nf3 d6 6. h3 Nbd7 7. Bd3 c6 8. O-O
e5 9. dxe5 Nxe5 10. Nxe5 dxe5 11. Qc2 Qe7 12. a3 a5 13. Ne4 Nxe4 14. Bxe4 f5
15. Bd3 Be6 16. Bd2 Rfd8 17. Rfd1 Qf7 18. Rab1 f4 19. f3 fxe3 20. Bxe3 a4 21.
Qe2 Bf5 22. Bxf5 gxf5 23. Rxd8+ Rxd8 24. Qc2 b5 25. cxb5 cxb5 26. Bb6 Rb8 27.
Ba5 Qa7+ 0-1

[Event "SR 3. liga A2 2016/2017"]
[Site "?"]
[Date "2017.03.05"]
[Round "10.4"]
[White "Jozefek, Michal"]
[Black "Gasa, Patrik"]
[Result "1-0"]
[WhiteElo "2184"]
[BlackElo "2120"]
[PlyCount "63"]
[EventDate "2016.??.??"]

1. d4 f5 2. Nf3 Nf6 3. g3 g6 4. Bg2 Bg7 5. b3 O-O 6. Bb2 d6 7. Nbd2 Qe8 8. a4
Na6 9. O-O Rb8 10. Re1 c5 11. e3 h6 12. Nc4 Bd7 13. Qe2 g5 14. Nfd2 Bc6 15.
Bxc6 Qxc6 16. Rad1 Rbe8 17. Ba3 Nd5 18. Nb1 Nf6 19. Nc3 cxd4 20. Nb5 dxe3 21.
Qxe3 Qe4 22. Qxa7 Qf3 23. Nd4 Qh5 24. Qxb7 Ng4 25. Qg2 f4 26. f3 fxg3 27. fxg4
Qxg4 28. Ne6 gxh2+ 29. Kh1 Qh5 30. Nxf8 Rxf8 31. Rd3 Qh4 32. Re2 1-0

[Event "SR 3. liga A2 2016/2017"]
[Site "?"]
[Date "2017.03.05"]
[Round "10.4"]
[White "Cajka, Tibor"]
[Black "Stanec, Stanislav"]
[Result "0-1"]
[WhiteElo "2072"]
[BlackElo "2057"]
[PlyCount "74"]
[EventDate "2016.??.??"]

1. e4 c6 2. d4 d5 3. e5 Bf5 4. Nc3 e6 5. g4 Bg6 6. Nge2 Bb4 7. h4 h6 8. Nf4 Ne7
9. Nxg6 Nxg6 10. h5 Ne7 11. Bd3 Qb6 12. a3 Bxc3+ 13. bxc3 c5 14. Be3 c4 15. Bf1
Qa5 16. Kd2 Na6 17. Qb1 O-O-O 18. Bh3 Nc6 19. Qb2 Nxe5 20. Rab1 Rd7 21. dxe5 d4
22. Ke2 dxe3 23. Rhd1 Rhd8 24. f4 Nc5 25. Rxd7 Rxd7 26. Qb4 Qxb4 27. cxb4 Rd2+
28. Kxe3 Rxc2 29. Bf1 Na4 30. f5 Nb6 31. Kd4 Rd2+ 32. Kc3 Rf2 33. fxe6 fxe6 34.
Bxc4 Nxc4 35. Kxc4 Rf4+ 36. Kc5 Kc7 37. Re1 a6 0-1

[Event "SR 3. liga A2 2016/2017"]
[Site "?"]
[Date "2017.03.05"]
[Round "10.4"]
[White "Vogl, Zdenek"]
[Black "Sebesta, Radovan"]
[Result "1/2-1/2"]
[WhiteElo "1945"]
[BlackElo "1992"]
[PlyCount "54"]
[EventDate "2016.??.??"]

1. e4 c5 2. Nf3 Nc6 3. d4 cxd4 4. Nxd4 g6 5. Nc3 Bg7 6. Be3 Nf6 7. f3 O-O 8.
Be2 d5 9. exd5 Nxd5 10. Nxd5 Qxd5 11. Nxc6 Qxc6 12. c3 Be6 13. O-O Rfd8 14. Qc2
a6 15. a3 Bf5 16. Qb3 Bd3 17. Kf2 b5 18. Rad1 Bxe2 19. Kxe2 Rd6 20. Rd3 Rad8
21. Rxd6 Rxd6 22. Rd1 h5 23. Rxd6 Qxd6 24. g3 h4 25. Qd1 Qxd1+ 26. Kxd1 hxg3
27. hxg3 Kf8 1/2-1/2

[Event "SR 3. liga A2 2016/2017"]
[Site "?"]
[Date "2017.03.05"]
[Round "10.4"]
[White "Palka, Miroslav"]
[Black "Harastova, Viera"]
[Result "1-0"]
[WhiteElo "1906"]
[BlackElo "1839"]
[PlyCount "95"]
[EventDate "2016.??.??"]

1. c4 e5 2. Nc3 Nf6 3. e4 Nc6 4. g3 Bc5 5. Bg2 d6 6. h3 Be6 7. d3 Nd4 8. Nge2
c6 9. Nxd4 Bxd4 10. O-O Qd7 11. Kh2 O-O 12. f4 exf4 13. Bxf4 Be5 14. Rc1 h6 15.
b3 Nh7 16. d4 Bxf4 17. Rxf4 g5 18. Rf2 f6 19. d5 Bf7 20. dxc6 bxc6 21. Rd2 Rad8
22. c5 d5 23. exd5 cxd5 24. Nxd5 Bxd5 25. Rxd5 Qc7 26. Rc2 Rxd5 27. Qxd5+ Kg7
28. Rd2 Rf7 29. b4 Nf8 30. Qd6 Rd7 31. Qxc7 Rxc7 32. c6 Kf7 33. b5 Ke7 34. a4
Ng6 35. a5 Ne5 36. b6 axb6 37. axb6 Rxc6 38. Bxc6 Nxc6 39. g4 Na5 40. Ra2 Nc6
41. Ra7+ Kd8 42. Rf7 Kc8 43. Rxf6 Kb7 44. Rxh6 Ne5 45. Kg3 Nc6 46. Kf3 Kxb6 47.
Ke4 Kc7 48. Rxc6+ 1-0

[Event "SR 3. liga A2 2016/2017"]
[Site "?"]
[Date "2017.03.05"]
[Round "10.4"]
[White "Hrubsa, Marian"]
[Black "Lanik, Miroslav"]
[Result "1-0"]
[WhiteElo "1916"]
[BlackElo "1856"]
[PlyCount "57"]
[EventDate "2016.??.??"]

1. e4 c5 2. Nf3 d6 3. d4 cxd4 4. Nxd4 Nf6 5. Nc3 a6 6. Be2 e6 7. Be3 Be7 8. O-O
Qc7 9. f4 b5 10. a3 Bb7 11. Bf3 Nbd7 12. Nb3 O-O 13. Qe1 Nc5 14. Nd2 Rad8 15.
Qg3 d5 16. exd5 Nxd5 17. Nxd5 Bxd5 18. Bd4 f6 19. Rae1 Bc4 20. Nxc4 Rxd4 21.
Ne3 Qxf4 22. Qxf4 Rxf4 23. Nd5 Bd6 24. Nxf4 Bxf4 25. b4 Nd7 26. Rxe6 Ne5 27.
Bd5 Be3+ 28. Kh1 Kh8 29. Rxe5 1-0

[Event "SR 3. liga A2 2016/2017"]
[Site "?"]
[Date "2017.03.05"]
[Round "10.4"]
[White "Huska, Branislav"]
[Black "Planka, Peter"]
[Result "0-1"]
[WhiteElo "1796"]
[BlackElo "1812"]
[PlyCount "94"]
[EventDate "2016.??.??"]

1. e4 e5 2. Nf3 Nc6 3. Bb5 a6 4. Ba4 Nf6 5. O-O Be7 6. Re1 b5 7. Bb3 O-O 8. c3
d6 9. d3 Na5 10. Bc2 c5 11. Nbd2 Bg4 12. Nf1 Qc7 13. Ng3 Nb7 14. h3 Bxf3 15.
Qxf3 Nd8 16. Nf5 Ne6 17. Qg3 Kh8 18. Qf3 Ng8 19. h4 g6 20. Nxe7 Qxe7 21. g3 h5
22. Be3 Kh7 23. Rad1 Rac8 24. Qe2 Nh6 25. d4 cxd4 26. cxd4 Ng4 27. dxe5 dxe5
28. Bb6 Rc6 29. Be3 Nxe3 30. fxe3 Qb4 31. Bb3 Qxe4 32. Bd5 Qc2 33. Rd2 Qc5 34.
b4 Qc3 35. Rd3 Qc2 36. Rd2 Qc3 37. Bxc6 Qxc6 38. Red1 Ng7 39. Rd7 Nf5 40. Qd3
Qf3 41. e4 Ne3 42. Rd2 Qxg3+ 43. Kh1 Qxh4+ 44. Kg1 Qe1+ 45. Kh2 Nf1+ 46. Kg2
Qxd2+ 47. Qxd2 Nxd2 0-1